[Event "TCh-BIH"]
[Site "Vogosca BIH"]
[Date "2007.06.09"]
[Round "8"]
[White "Almasi,Z"]
[Black "Doric,D"]
[Result "1/2-1/2"]
[WhiteElo "2675"]
[BlackElo "2482"]

1.e4 c5 2.Nf3 d6 3.d4 cxd4 4.Nxd4 Nf6 5.Nc3 a6 6.f3 e6 7.Be3 Be7 8.Qd2 Nc6
9.g4 O-O 10.O-O-O Nxd4 11.Qxd4 b5 12.g5 Nd7 13.h4 Qa5 14.Kb1 Ne5 15.f4 Ng4
16.Bh3 Nxe3 17.Qxe3 b4 18.Ne2 Qc5 19.Nd4 e5 20.fxe5 dxe5 21.Nf5 Bxf5 22.Qxc5 Bxc5
23.exf5 Rfd8 24.Bg2 Rab8 25.Be4 Rxd1+ 26.Rxd1 Bd4 27.Rd3 a5 28.Kc1 Rd8 29.c3 bxc3
30.bxc3 Bb6 31.Rf3 Rd6 32.Kc2 Kf8 33.Bd3 h6 34.Be4 Bd8 35.Rg3 Bb6 36.Rg2 a4
37.Bd3 Be3 38.Re2 Bf4 39.Re4 hxg5 40.hxg5 a3 41.Ra4 Bxg5 42.Rxa3 g6 43.fxg6 fxg6
44.Ra8+ Kg7 45.a4 Be3 46.a5 g5 47.a6 Rd7 48.Re8 Kf6 49.Be4 Rg7 50.Kd3 Ba7
51.Kc4 g4 52.Kd5 Rc7 53.Re6+ Kf7 54.Rc6 Rd7+ 55.Kxe5 g3 56.Bd5+ Ke7 57.Re6+ Kf7
58.Rf6+ Ke7 59.Rg6  1/2-1/2

[Event "III Perla Baltyku A"]
[Site "Mielno POL"]
[Date "2007.06.19"]
[Round "2"]
[White "Przybylski,W"]
[Black "Sieciechowicz,M"]
[Result "1-0"]
[WhiteElo "2320"]
[BlackElo "2165"]

1.e4 c5 2.Nf3 d6 3.d4 cxd4 4.Nxd4 Nf6 5.Nc3 a6 6.f3 e5 7.Nb3 Be6 8.Be3 Nbd7
9.g4 Rc8 10.Qd2 Be7 11.O-O-O Nb6 12.g5 Nh5 13.Rg1 O-O 14.Qf2 Nc4 15.Bxc4 Rxc4
16.Kb1 Qc7 17.Nd5 Bxd5 18.Rxd5 f5 19.gxf6 Rxf6 20.Qe2 b5 21.Rdd1 Rf8 22.c3 Qc8
23.Nd2 Rc7 24.Nf1 Nf4 25.Bxf4 exf4 26.Nd2 Bf6 27.Nb3 Be5 28.Nd4 Rc4 29.Nf5 Qe6
30.Qd3 Re8 31.Qd5 b4 32.Qb7 bxc3 33.Rxd6 c2+ 34.Kc1 Rb4 35.Rxe6  1-0

[Event "White Nights"]
[Site "St Petersburg RUS"]
[Date "2007.06.28"]
[Round "4"]
[White "Kudriavtsev,Y"]
[Black "Turetsky,M"]
[Result "1-0"]
[WhiteElo "1937"]
[BlackElo "1694"]

1.e4 c5 2.Nf3 d6 3.d4 cxd4 4.Nxd4 Nf6 5.Nc3 a6 6.f3 e6 7.Be3 Be7 8.Qd2 Qc7
9.g4 Nc6 10.O-O-O b5 11.Kb1 Bb7 12.g5 Nd7 13.Nxc6 Bxc6 14.Bd3 Nc5 15.Rhf1 b4
16.Ne2 a5 17.Ng3 d5 18.exd5 Bxd5 19.Bb5+ Bc6 20.Bxc6+ Qxc6 21.Bxc5 Bxc5 22.Ne4 Be7
23.Nd6+ Bxd6 24.Qxd6 Qxd6 25.Rxd6 O-O 26.Rfd1 g6 27.R1d3 Ra7 28.c3 Rc8 29.Rd8+ Rxd8
30.Rxd8+ Kg7 31.cxb4 axb4 32.Rb8 Ra5 33.Rxb4 Rxg5 34.a4 Ra5 35.b3 Ra7 36.Kc2 Kf8
37.Rb5 Rc7+ 38.Kd2 Ke7 39.a5 Kd6 40.Rb6+ Rc6 41.Rb8 Rc7 42.b4 Ra7 43.Kd3 Rc7
44.a6 Ra7 45.b5 f6 46.Kc4 Kd7 47.Kc5 Kc7 48.Rh8  1-0

[Event "South African Open"]
[Site "Cape Town RSA"]
[Date "2007.06.30"]
[Round "3"]
[White "Ellappen,J"]
[Black "Rubery,M"]
[Result "0-1"]
[WhiteElo "1928"]
[BlackElo "2250"]

1.e4 c5 2.Nf3 d6 3.d4 cxd4 4.Nxd4 Nf6 5.Nc3 a6 6.f3 e5 7.Nb3 Be6 8.Be3 Be7
9.Qd2 O-O 10.O-O-O Nbd7 11.Kb1 b5 12.Qf2 b4 13.Nd5 Bxd5 14.exd5 a5 15.g4 a4
16.Nc1 Ra5 17.Bc4 Qc7 18.Qe2 Rc8 19.b3 Nb6 20.Bxb6 Qxb6 21.Rhf1 Nd7 22.f4 Qc7
23.Bd3 Qc3 24.Qe1 Qxe1 25.Rfxe1 g6 26.fxe5 Nxe5 27.Bf1 Bf6 28.Re4 Rac5 29.Re2 Nxg4
30.Bh3 h5 31.Rg2 axb3 32.Nxb3 Rc4 33.Na5 Rf4 34.Rdg1 Bc3 35.Re2 Kf8 36.Nb7 Be5
37.Na5 Rc5 38.Nc6 Rxd5 39.Nxb4 Rxb4+  0-1

[Event "XXV Andorra Open"]
[Site "Andorra la Vella AND"]
[Date "2007.07.07"]
[Round "8"]
[White "Fernandez Lopez,Jo"]
[Black "Iglesias,Jor"]
[Result "1/2-1/2"]
[WhiteElo "2051"]
[BlackElo "2356"]

1.e4 c5 2.Nf3 d6 3.d4 cxd4 4.Nxd4 Nf6 5.Nc3 a6 6.f3 e5 7.Nb3 Be6 8.Bg5 Be7
9.Qd2 Nbd7 10.Be2 b5 11.Bxf6 Nxf6 12.O-O O-O 13.Nd5 Bxd5 14.exd5 Qb6+ 15.Kh1 b4
16.a3 a5 17.a4 Rfc8 18.Bb5 Ra7 19.c3 bxc3 20.bxc3 Bd8 21.Qd3 Re7 22.Nd2 Qc5
23.c4 Bb6 24.Ne4 Nxe4 25.fxe4 Rf8 26.Rf5 f6 27.Raf1 Ref7 28.g4 Qc8 29.Qh3 g6
30.R5f3 Qc5 31.Qg2 Qd4 32.Re1 Kh8 33.Qh3 Qd2 34.Qh4 Bc5 35.Ref1 Qc2 36.Qe1 f5
37.exf5 gxf5 38.Rxf5 Rxf5 39.Rxf5 Rxf5 40.gxf5 Qxf5 41.Kg2 e4 42.Qg3 Bd4
43.h3 e3 44.Qf3 Qc2+ 45.Kf1 Qd3+ 46.Kg2 Bg7 47.Ba6 e2 48.Qg4 h6 49.Qc8+ Kh7
50.Qe8 Qc2 51.Kf3 Qd3+ 52.Kg2 Qc2 53.Kf3 Qf5+ 54.Kxe2 Be5 55.Qe7+ Kh8 56.Qe8+ Kg7
57.Qe7+ Kh8 58.Qe8+ Kg7 59.Qe7+  1/2-1/2

[Event "6th Open"]
[Site "La Fere FRA"]
[Date "2007.07.10"]
[Round "5"]
[White "Sobry,S"]
[Black "Lepot,S"]
[Result "1/2-1/2"]
[WhiteElo "2075"]
[BlackElo "1964"]


1.e4 c5 2.Nf3 d6 3.d4 cxd4 4.Nxd4 Nf6 5.Nc3 a6 6.f3 e6 7.Bc4 b5 8.Bb3 Bb7
9.Be3 Nbd7 10.Qd2 Nb6 11.g4 Nfd7 12.O-O-O Ne5 13.Kb1 Nec4 14.Qe2 Nxe3 15.Qxe3 Nc4
16.Qe2 Rc8 17.a4 Qa5 18.axb5 Nxb2 19.Kxb2 Qxc3+ 20.Kb1 Qa5 21.Rhe1 axb5 22.Qxb5+ Qxb5
23.Nxb5 Kd7 24.f4 Rc6 25.Rd2 Be7 26.Red1 Ra8 27.f5 Rb6 28.Nxd6 Rxd6 29.Rxd6+ Bxd6
30.e5  1/2-1/2

[Event "Inautomarket Open"]
[Site "Minsk BLR"]
[Date "2007.07.10"]
[Round "1"]
[White "Sivokho,S"]
[Black "Kovaleva,E"]
[Result "1/2-1/2"]
[WhiteElo "2467"]
[BlackElo "2119"]

1.e4 c5 2.Nf3 d6 3.d4 cxd4 4.Nxd4 Nf6 5.Nc3 a6 6.Be3 Ng4 7.Bc1 Nf6 8.f3 e6
9.Be3 b5 10.Qd2 Bb7 11.O-O-O Nbd7 12.Nb3 d5 13.exd5 Nxd5 14.Nxd5 Bxd5 15.Bd4 f6
16.Qe3 Bd6 17.Bc3 Qc7 18.g3 O-O 19.Bh3 Rfe8 20.Ba5 Qb7 21.Rhe1 Bf8 22.f4 Rac8
23.Kb1 f5 24.Bc3 Nb6 25.Bf1 Be4 26.Bd3 Bf3 27.Be2 Be4 28.Bd3 Bf3 29.Be2 Be4
30.Bd3  1/2-1/2

[Event "Campeonato Continental Absolut"]
[Site "Cali COL"]
[Date "2007.07.11"]
[Round "2"]
[White "Renteria,J"]
[Black "Mateus,Mar"]
[Result "1-0"]
[WhiteElo "2252"]
[BlackElo "2127"]

1.e4 c5 2.Nf3 d6 3.d4 cxd4 4.Nxd4 Nf6 5.Nc3 a6 6.f3 e5 7.Nb3 Be6 8.Be3 Nbd7
9.Qd2 h5 10.a4 Rc8 11.a5 Qc7 12.Be2 Be7 13.O-O h4 14.Nd5 Bxd5 15.exd5 Nh5
16.c4 g5 17.Rfd1 Nf4 18.Bf1 Nf6 19.Nc1 Qd7 20.Nd3 Qf5 21.Nxf4 gxf4 22.Bb6 h3
23.gxh3 e4 24.fxe4 Rg8+ 25.Bg2 Nxe4 26.Qe2 f3 27.Rf1 Ng5 28.Bxf3 Nxf3+ 29.Kh1 Qf4
30.Rxf3 Qxc4 31.Qxc4 Rxc4 32.Re1 Kf8 33.Rc3 Rxc3 34.bxc3 Rh8 35.Kg2 Rh4 36.Bd4 Rh5
37.c4 Bd8 38.Bf2 Bxa5 39.Rb1 b6 40.Bxb6 Bxb6 41.Rxb6 Rh4 42.Rxd6 Rxc4 43.Rxa6 Rd4
44.d6 Ke8 45.h4 Rxh4 46.Kg3 Rd4 47.h4 f5 48.h5 Rg4+ 49.Kf3 Kd7 50.h6 Rg8
51.Kf4 Ke6 52.d7+ Kxd7 53.Kxf5 Rf8+ 54.Kg6 Rg8+ 55.Kf7 Rg1 56.h7  1-0

[Event "Campeonato Continental Absolut"]
[Site "Cali COL"]
[Date "2007.07.11"]
[Round "2"]
[White "Mosquera,M"]
[Black "Naranjo,S"]
[Result "1-0"]
[WhiteElo "2414"]
[BlackElo "2035"]

1.e4 c5 2.Nf3 d6 3.d4 cxd4 4.Nxd4 Nf6 5.Nc3 a6 6.f3 e5 7.Nb3 Be6 8.Be3 h5
9.Qd2 Nbd7 10.O-O-O Rc8 11.Kb1 b5 12.Nd5 Bxd5 13.exd5 Nb6 14.Bxb6 Qxb6 15.g3 g6
16.Bh3 Rc4 17.Rhe1 Bh6 18.Qa5 Qb7 19.f4 O-O 20.fxe5 Ne4 21.exd6 Nf2 22.Bf1 Nxd1
23.Rxd1 Rb8 24.Qe1 Rcc8 25.Na5 Qd7 26.Nc6 Qxd6 27.Nxb8 Rxb8 28.a3 Bg7 29.Qb4 Qb6
30.d6 a5 31.Qb3 b4 32.a4 Rd8 33.d7 Qf2 34.Bc4 Qxh2 35.Bxf7+ Kh7 36.Qd3  1-0

[Event "6th Open"]
[Site "La Fere FRA"]
[Date "2007.07.11"]
[Round "7"]
[White "Waquet,F"]
[Black "Azzouz,B"]
[Result "1-0"]
[WhiteElo "2059"]
[BlackElo "1866"]


1.e4 c5 2.Nf3 d6 3.d4 cxd4 4.Nxd4 Nf6 5.Nc3 a6 6.f3 e5 7.Nb3 Be6 8.Be3 d5
9.exd5 Nxd5 10.Nxd5 Qxd5 11.Qxd5 Bxd5 12.O-O-O Bxb3 13.axb3 Nc6 14.Bc4 Rc8
15.Bb6 Be7 16.Rhe1 O-O 17.Rd7 Rb8 18.c3 Rfe8 19.Kc2 Rf8 20.f4 Bf6 21.Bc7 Rbc8
22.fxe5 b5 23.Bd5 Bd8 24.Bd6 Nd4+ 25.Kd3 Ne6 26.Bxe6 fxe6 27.Bxf8 Kxf8 28.Rf1+  1-0

[Event "Zudov Mem A"]
[Site "Nizhnij Tagil RUS"]
[Date "2007.07.11"]
[Round "5"]
[White "Vokarev,S"]
[Black "Ogloblin,N"]
[Result "1-0"]
[WhiteElo "2466"]
[BlackElo "2382"]

1.e4 c5 2.Nf3 d6 3.d4 Nf6 4.Nc3 cxd4 5.Nxd4 a6 6.f3 e6 7.Be3 b5 8.Qd2 Nbd7
9.O-O-O Bb7 10.g4 Nb6 11.a3 Rc8 12.Kb1 Be7 13.h4 Nc4 14.Bxc4 Rxc4 15.Nde2 O-O
16.h5 Nd7 17.g5 Qc7 18.g6 Ne5 19.gxh7+ Kh8 20.Rh3 Rd8 21.Rg1 Bf8 22.Bd4 d5
23.h6 dxe4 24.Bxe5  1-0

[Event "Campeonato Continental Absolut"]
[Site "Cali COL"]
[Date "2007.07.13"]
[Round "4"]
[White "Narvaez,Z"]
[Black "Mateus,A"]
[Result "1-0"]
[WhiteElo "2062"]
[BlackElo "2194"]

1.e4 c5 2.Nf3 d6 3.d4 cxd4 4.Nxd4 Nf6 5.Nc3 a6 6.f3 e5 7.Nb3 Be6 8.Be3 h5
9.a4 Nbd7 10.a5 Be7 11.Be2 h4 12.Qd2 Rc8 13.Nd5 Nxd5 14.exd5 Bf5 15.c4 g5
16.O-O Bg6 17.Bd3 Rg8 18.Rad1 Kf8 19.Rc1 Bxd3 20.Qxd3 Rg6 21.Qf5 Kg7 22.Kh1 Qe8
23.Nd2 Nf8 24.b4 Qd7 25.Qd3 f5 26.c5 f4 27.Bf2 g4 28.fxg4 Qxg4 29.Qf3 dxc5
30.bxc5 Nd7 31.Qxg4 Rxg4 32.c6 bxc6 33.Rxc6 Rd8 34.d6 Bf8 35.Ne4 Nb8 36.Rc7+ Kh6
37.h3 Rg8 38.Bxh4 Rxd6 39.Nxd6 Bxd6 40.Rb7 Kh5 41.Bf2 e4 42.Rd1 Rg6 43.Rh7+  1-0

[Event "22nd North Sea Cup"]
[Site "Esbjerg DEN"]
[Date "2007.07.13"]
[Round "1"]
[White "Lauridsen,Jesper"]
[Black "Jensen,JanK"]
[Result "1-0"]
[WhiteElo "2223"]
[BlackElo "1894"]

1.e4 c5 2.Nf3 d6 3.d4 cxd4 4.Nxd4 Nf6 5.Nc3 a6 6.f3 b5 7.Be3 Bb7 8.Qd2 e6
9.O-O-O Be7 10.g4 h6 11.Bd3 Nbd7 12.h4 b4 13.Nce2 Qa5 14.Nb3 Qxa2 15.Qxb4 Bc6
16.Nc3 a5 17.Qc4 Ne5 18.Qd4 Nxf3 19.Qb6  1-0

[Event "Zudov Mem B"]
[Site "Nizhnij Tagil RUS"]
[Date "2007.07.16"]
[Round "10"]
[White "Yuzhakov,O"]
[Black "Shestakov,D"]
[Result "1-0"]
[WhiteElo "2266"]
[BlackElo "2335"]

1.e4 c5 2.Nf3 d6 3.d4 cxd4 4.Nxd4 Nf6 5.Nc3 a6 6.f3 e5 7.Nb3 Be6 8.Bg5 Nbd7
9.Qd2 Be7 10.Be2 O-O 11.O-O-O Qc7 12.g4 Rfc8 13.Bxf6 Nxf6 14.f4 d5 15.exd5 Nxd5
16.f5 Nxc3 17.Qxc3 Qxc3 18.bxc3 Bxb3 19.axb3 Rxc3 20.Rd7 Ba3+ 21.Kb1 b5 22.Bd3 Bc5
23.Be4 Rf8 24.Bd5 g6 25.fxg6 hxg6 26.Rf1 Bd4 27.Bxf7+ Kh8 28.h4 Rh3 29.h5 gxh5
30.g5 Rg3 31.c3 Bxc3 32.Rf5 Bb4 33.Rd1 Rxb3+ 34.Ka2 Rh3 35.g6 Rh2+ 36.Kb1 Bd2
37.Rxe5 Bc3 38.Rc5 Rb2+ 39.Kc1 b4 40.Rxh5+ Kg7 41.Rh7+ Kf6 42.g7  1-0

[Event "XXII Tadeusz Gniota Mem"]
[Site "Police POL"]
[Date "2007.07.16"]
[Round "6"]
[White "Chlost,M"]
[Black "Radwan,L"]
[Result "0-1"]
[WhiteElo "2120"]
[BlackElo "2170"]

1.e4 c5 2.Nf3 d6 3.d4 cxd4 4.Nxd4 Nf6 5.Nc3 a6 6.f3 g6 7.Be3 Bg7 8.Qd2 O-O
9.O-O-O Nc6 10.Kb1 d5 11.Nxc6 bxc6 12.exd5 cxd5 13.Nxd5 Nxd5 14.Qxd5 Qc7
15.Qc5 Qb8 16.Bd4 e5 17.Bc3 Bf5 18.Rd6 Rc8 19.Qb6 Rxc3 20.bxc3 Qe8 21.Qc6 Rb8+
22.Ka1 Qe7 23.Bxa6 e4 24.Rhd1 exf3 25.Qxf3 Bxc2 26.R6d2 Bxd1 27.Rxd1 Qa3  0-1

[Event "XII Open"]
[Site "Balaguer ESP"]
[Date "2007.07.17"]
[Round "2"]
[White "Soumya,Sw"]
[Black "Adhiban,B"]
[Result "1-0"]
[WhiteElo "2178"]
[BlackElo "2406"]

1.e4 c5 2.Nf3 d6 3.d4 cxd4 4.Nxd4 Nf6 5.Nc3 a6 6.f3 e5 7.Nb3 Be6 8.Be3 Be7
9.Qd2 O-O 10.O-O-O Qc7 11.g4 Rc8 12.g5 Nh5 13.Nd5 Bxd5 14.exd5 a5 15.Bh3 a4
16.Nc5 Re8 17.Ne4 Na6 18.Bg4 Nf4 19.Kb1 Qc4 20.Bxf4 exf4 21.Qxf4 b5 22.c3 a3
23.Rd4 Qc7 24.Nf6+ Bxf6 25.gxf6 Qd8 26.fxg7 Re2 27.Bf5 Rxb2+ 28.Ka1 Rg2 29.Qh6 Rxg7
30.Rg4 Rg6 31.Bxg6 fxg6 32.Rxg6+ hxg6 33.Qxg6+ Kf8 34.Qf5+  1-0

[Event "XII Open"]
[Site "Balaguer ESP"]
[Date "2007.07.18"]
[Round "3"]
[White "Aroshidze,L"]
[Black "Bruned,Y"]
[Result "1-0"]
[WhiteElo "2470"]
[BlackElo "2307"]

1.e4 c5 2.Nf3 d6 3.d4 cxd4 4.Nxd4 Nf6 5.Nc3 a6 6.f3 e6 7.Be3 b5 8.Qd2 b4
9.Na4 Nbd7 10.Bc4 Qc7 11.Bb3 Rb8 12.g4 Nc5 13.Nxc5 dxc5 14.Bf4 e5 15.Bxe5 Qxe5
16.Nc6 Qc7 17.Nxb8 Qxb8 18.O-O-O Nd7 19.e5 Be7 20.Bxf7+ Kf8 21.Bb3 Nxe5 22.Rhe1 Nc6
23.Rxe7 Kxe7 24.Qg5+ Ke8 25.Re1+ Kf8 26.Qxc5+  1-0

[Event "Campeonato Continental Absolut"]
[Site "Cali COL"]
[Date "2007.07.18"]
[Round "9"]
[White "Narvaez,Z"]
[Black "Restuccia,F"]
[Result "0-1"]
[WhiteElo "2062"]
[BlackElo "2222"]

1.e4 c5 2.Nf3 d6 3.d4 cxd4 4.Nxd4 Nf6 5.Nc3 a6 6.f3 e5 7.Nb3 Be6 8.Be3 Nbd7
9.g4 Nb6 10.g5 Nh5 11.Qd2 Rc8 12.O-O-O Be7 13.Rg1 O-O 14.Qf2 Rxc3 15.Bxb6 Bxg5+
16.Kb1 Bh4 17.Bxd8 Bxf2 18.bxc3 Bxg1 19.Rxd6 Bxh2 20.Nc5 Bc8 21.Bc4 Nf4 22.Nd7 Re8
23.Bc7 b5 24.Bb3 Bxd7 25.Rxd7 Ne6 26.Bxe6 fxe6 27.Rd1 Rf8 28.Rf1 Rc8 29.Ba5 Bf4
30.Kb2 h5 31.Rh1 g6 32.Bb4 Kg7 33.a4 Kh6 34.axb5 axb5 35.Kb3 g5 36.Ba5 Rc4
37.Bb4 Kg6 38.Rg1 h4 39.Rh1 Kh5 40.Ba3 g4 41.Be7 h3 42.fxg4+ Kxg4 43.Rg1+ Kf3
44.Rf1+ Kg2 45.Rd1 Rxe4  0-1

[Event "22nd North Sea Cup"]
[Site "Esbjerg DEN"]
[Date "2007.07.18"]
[Round "8"]
[White "Poulsen,I"]
[Black "Madsen,Mi"]
[Result "1/2-1/2"]
[WhiteElo "2156"]
[BlackElo "2006"]

1.e4 c5 2.Nf3 d6 3.d4 cxd4 4.Nxd4 Nf6 5.Nc3 a6 6.f3 e5 7.Nb3 Be7 8.Be3 O-O
9.Qd2 Be6 10.O-O-O Qc7 11.g4 b5 12.g5 b4 13.Na4 Nfd7 14.Qxb4 Nc6 15.Qd2 Rfb8
16.Nc3 a5 17.Nb5 Qb7 18.Kb1 a4 19.Nc1 Ra5 20.c4 Nb6 21.b3 axb3 22.axb3 Rba8
23.Qc3 Qa6 24.Nc7 Ra1+ 25.Kc2 Qa3 26.Bxb6 Bxg5 27.Qb2 Nb4+ 28.Kc3 Qxb2+ 29.Kxb2 Bxc1+
30.Kc3 Na2+  1/2-1/2

[Event "Lichtenstein Mem"]
[Site "Elkana ISR"]
[Date "2007.07.19"]
[Round "5"]
[White "Deutsch,E"]
[Black "Nedobora,M"]
[Result "1-0"]
[WhiteElo "2406"]
[BlackElo "2433"]

1.e4 c5 2.Nf3 d6 3.d4 cxd4 4.Nxd4 Nf6 5.Nc3 a6 6.f3 e6 7.Be3 b5 8.Qd2 Bb7
9.O-O-O Nbd7 10.g4 Nb6 11.g5 Nfd7 12.h4 b4 13.Nb1 d5 14.Bd3 e5 15.Nb3 d4
16.Bf2 Na4 17.Qe2 Qc7 18.N1d2 Ndb6 19.Nc4 Nxc4 20.Bxc4 Be7 21.f4 Nb6 22.Bd3 exf4
23.Bxd4 O-O 24.Rhf1 Nd7 25.e5 f3 26.Qe3 Rac8 27.e6 Bd6 28.exd7 Bf4 29.dxc8=Q Rxc8
30.Nd2 Bxe3 31.Bxe3 Qg3 32.Bf2 Qf4 33.Rde1 Rd8 34.Bb6 Rc8 35.Bf2 a5 36.Re3 a4
37.Kb1 Bd5 38.Rfe1 Be6 39.b3 a3 40.Nxf3 h5 41.Bg1 Qc7 42.Bh2 Qd7 43.g6 Qd5
44.gxf7+ Bxf7 45.Be5 Qc6 46.Rg1 g6 47.Ba1 Qb6 48.Rge1 Qc5 49.Ng5  1-0

[Event "22nd North Sea Cup"]
[Site "Esbjerg DEN"]
[Date "2007.07.19"]
[Round "9"]
[White "Poulsen,I"]
[Black "Skovgaard,Pe2"]
[Result "0-1"]
[WhiteElo "2156"]
[BlackElo "2251"]

1.e4 c5 2.Nf3 d6 3.d4 cxd4 4.Nxd4 Nf6 5.Nc3 a6 6.f3 e5 7.Nb3 Be6 8.Be3 h5
9.Qd2 Nbd7 10.Nd5 Bxd5 11.exd5 g6 12.c4 Qc7 13.Be2 Bg7 14.O-O O-O 15.Rac1 b6
16.Rc2 Rfe8 17.h3 Re7 18.Bg5 Rae8 19.Be3 Qb8 20.Re1 Kh7 21.g4 a5 22.Bf1 a4
23.Nc1 hxg4 24.hxg4 Rh8 25.Qb4 Nc5 26.Rh2+ Kg8 27.Rxh8+ Bxh8 28.Nd3 e4 29.Bf4 Qc7
30.Nf2 exf3 31.Rxe7 Qxe7 32.Qxb6 Nfe4 33.Nxe4 Nxe4 34.Qe3 Qh4 35.Qxe4 Qxg4+
36.Kf2 Be5 37.Qxf3 Qxf4 38.Qxf4 Bxf4 39.b4 axb3 40.axb3 Bd2 41.c5 dxc5 42.d6 Bf4
43.d7 Bg5 44.Bc4 Kf8 45.Ke2 f5 46.Kd3 Bd8 47.Bd5 Ke7 48.Kc4 Kd6 49.Bf7 g5
50.b4 cxb4 51.Kxb4 Ke5 52.Kc4 Ke4 53.Kc3 Ke3 54.Kc2 g4 55.Be6 g3 56.Bxf5 g2  0-1

[Event "ch-ITA w"]
[Site "Fiuggi ITA"]
[Date "2007.07.19"]
[Round "2"]
[White "Brunello,M"]
[Black "Messina,R"]
[Result "1-0"]
[WhiteElo "1945"]
[BlackElo "1859"]

1.e4 c5 2.Nf3 d6 3.d4 cxd4 4.Nxd4 Nf6 5.Nc3 a6 6.f3 e6 7.Be3 b5 8.Qd2 Bb7
9.g4 Nfd7 10.O-O-O Nb6 11.h4 N8d7 12.Qf2 Rc8 13.g5 b4 14.Nb1 d5 15.exd5 Nxd5
16.Bh3 Qa5 17.Qd2 Qxa2 18.Nxe6 Ne5 19.Nf4 Nc4 20.Qd4 Bd6 21.Nd3 Ncxe3 22.Bxc8 Bxc8
23.Rhe1 O-O 24.Rxe3 Nxe3 25.Qxe3 Qe6 26.Qf2 Bb7 27.Re1 Qd5 28.Nd2 Rc8 29.Kb1 Qc6
30.Ne4 a5 31.Nxd6 Qxd6 32.Qe2 Qe6 33.Qxe6 fxe6 34.Rxe6 Rf8 35.f4 Ra8 36.h5 Bf3
37.h6 Bg4 38.Rd6 gxh6 39.Rxh6 Bf5 40.Rd6 Kg7 41.Kc1 Bg6 42.Rd7+ Kg8 43.Rd5 Bf7
44.Rd7 Be6 45.Rd6 Bf5 46.b3 Rc8 47.Kd2 Rc3 48.Rd5 Bxd3 49.Rxd3 Rc5 50.Rd7 Rf5
51.Rd4 Kf7 52.Rc4 Kg6 53.Ke3 Kh5 54.Rc7 Kg6 55.Ke4 Rb5 56.Kf3 Rd5 57.Rc6+ Kg7
58.Kg4 Rd1 59.Kf5 Rf1 60.Rc7+ Kg8 61.g6 hxg6+ 62.Kxg6 Rg1+ 63.Kf6 Rf1 64.f5 Rf2
65.Rc5 Rd2 66.Rc8+ Kh7 67.Kf7 Rf2 68.f6 Kh6 69.Ke7 Re2+ 70.Kf8 Rf2 71.f7 Kh7
72.Rc7 Re2 73.Rc5 Rf2 74.Ke7 Kg7 75.Rg5+ Kh6 76.Rg8 Re2+ 77.Kd6 Rd2+ 78.Ke5 Re2+
79.Kd4 Rd2+ 80.Ke3 Kh7 81.Kxd2  1-0

[Event "Synthesia Rapid Open"]
[Site "Pardubice CZE"]
[Date "2007.07.19"]
[Round "8"]
[White "Kryakvin,D"]
[Black "Schlosser,P"]
[Result "1/2-1/2"]
[WhiteElo "2554"]
[BlackElo "2562"]

1.e4 c5 2.Nf3 d6 3.d4 Nf6 4.Nc3 cxd4 5.Nxd4 a6 6.f3 e6 7.Be3 b5 8.Qd2 Nbd7
9.O-O-O Bb7 10.g4 Rc8 11.g5 Nh5 12.Nb3 Ne5 13.Kb1 g6 14.Be2 Be7 15.Rhg1 O-O
16.a3 Nc4 17.Bxc4 Rxc4 18.Ne2 Ba8 19.Ng3 Ng7 20.h4 d5 21.Qf2 Qc7 22.Bb6 Qf4
23.Nd2 Rcc8 24.exd5 Bxd5 25.Nde4 Rc4 26.Bd4 Rfc8 27.c3 Nf5 28.Nxf5 Qxf5 29.Qg3 a5
30.Qg4 Qxg4 31.Rxg4 b4 32.axb4 axb4 33.Nf6+ Bxf6 34.Bxf6 bxc3 35.bxc3 Rxc3
36.Bxc3 Rxc3 37.Rf4 Kg7 38.Kb2 Re3 39.Rc1 e5 40.Rf6 Rxf3 41.Rc5 Rd3 42.Rd6 Be4
43.Rxd3 Bxd3 44.Rxe5 h6 45.Kc3 Bf5  1/2-1/2

[Event "Campeonato Continental Absolut"]
[Site "Cali COL"]
[Date "2007.07.20"]
[Round "11"]
[White "Mateus,A"]
[Black "Gutierrez,JA"]
[Result "0-1"]
[WhiteElo "2194"]
[BlackElo "2283"]

1.e4 c5 2.Nf3 d6 3.d4 cxd4 4.Nxd4 Nf6 5.f3 a6 6.Nc3 e6 7.Be3 Be7 8.Bc4 Qc7
9.Qe2 Nc6 10.Bb3 Na5 11.O-O O-O 12.Kh1 b5 13.Rad1 Bd7 14.Bg5 b4 15.Nb1 e5
16.Nf5 Bb5 17.Qe1 Nxb3 18.Qh4 Nd4 19.Rxd4 exd4 20.Nxg7 Kxg7  0-1

[Event "Czech Open GMA"]
[Site "Pardubice CZE"]
[Date "2007.07.24"]
[Round "5"]
[White "Bucinskas,V"]
[Black "Kraemer,Mart"]
[Result "1-0"]
[WhiteElo "2311"]
[BlackElo "2437"]

1.e4 c5 2.Nf3 d6 3.d4 cxd4 4.Nxd4 Nf6 5.Nc3 a6 6.f3 e6 7.Be3 b5 8.Qd2 Bb7
9.g4 Nfd7 10.O-O-O Nb6 11.h4 N8d7 12.g5 b4 13.Nb1 d5 14.exd5 Nxd5 15.Bh3 Nxe3
16.Qxe3 Qb6 17.Rhe1 Bc5 18.Bxe6 fxe6 19.Qxe6+ Kd8 20.Qc4 Bxd4 21.Rxd4 Bxf3
22.Nd2 Bc6 23.Nb3 Qb5 24.Qe6 Kc7 25.Qd6+ Kc8 26.Re6 Nb8 27.Re7 Bd7 28.Re5 Qf1+
29.Rd1 Qf4+ 30.Kb1 Rf8 31.Nc5 Ra7 32.Re8+ Rxe8 33.Qxf4 Nc6 34.Qd6 Ne5 35.Qb6 Rb7
36.Qxa6 Kd8 37.Ne6+  1-0

[Event "IMA"]
[Site "Dimitrov RUS"]
[Date "2007.07.25"]
[Round "6"]
[White "Chernobay,A"]
[Black "Paikidze,N"]
[Result "1/2-1/2"]
[WhiteElo "2409"]
[BlackElo "2230"]

1.e4 c5 2.Nf3 d6 3.d4 cxd4 4.Nxd4 Nf6 5.Nc3 a6 6.Be3 Ng4 7.Bc1 Nf6 8.f3 e5
9.Nb3 Be6 10.Be3 Nbd7 11.g4 b5 12.g5 Nh5 13.Qd2 Be7 14.O-O-O O-O 15.Nd5 Bxd5
16.exd5 f5 17.gxf6 Bxf6 18.Na5 Nc5 19.Kb1 Nf4 20.Rg1 Kh8 21.Nc6 Qe8 22.Bxf4 exf4
23.Rg4 Qh5 24.a3 Rae8 25.h4 Na4 26.Rxf4 Nxb2 27.Rxf6 Nxd1 28.Rxf8+ Rxf8 29.Qxd1 Qxf3
30.Qxf3 Rxf3 31.Bd3 Rh3  1/2-1/2

[Event "Czech Open GMA"]
[Site "Pardubice CZE"]
[Date "2007.07.25"]
[Round "6"]
[White "Veres,An"]
[Black "Spirin,O"]
[Result "0-1"]
[WhiteElo "2161"]
[BlackElo "2356"]

1.e4 c5 2.Nf3 d6 3.d4 cxd4 4.Nxd4 Nf6 5.Nc3 a6 6.f3 e6 7.Be3 b5 8.Qd2 b4
9.Na4 Nbd7 10.O-O-O Qc7 11.g4 h6 12.h4 Ne5 13.b3 d5 14.Bh3 dxe4 15.Nb6 Nd3+
16.Kb1 Qxb6 17.cxd3 Nd5 18.dxe4 Nxe3 19.Qxe3 Bc5 20.Qd3 O-O 21.Nc2 a5 22.f4 Bb7
23.g5 h5 24.f5 exf5 25.Bxf5 g6 26.Bh3 Rfe8 27.Bg2 a4 28.Rhf1 Rad8 29.Qh3 Bc8
30.Rxd8 Qxd8 31.Qf3 Qe7 32.Ne3 Bb7 33.Nd5 Bxd5 34.exd5 a3 35.d6 Bxd6 36.Qd5 Be5
37.Qc4 Bg7 38.Bd5 Rf8 39.Kc2 Bc3 40.Qa6 Kg7 41.Qc4 f6 42.gxf6+ Rxf6 43.Rxf6 Bxf6
44.Kd3 Bxh4 45.Qc8 Bf6 46.Qa8 Kh6 47.Be4 Bg7 48.Qb8 Qd7+ 49.Ke2 Qg4+ 50.Bf3 Qd4
51.Qe8 Qb2+ 52.Kd3 Qxa2 53.Be4 Qxb3+ 54.Ke2 Qb2+  0-1

[Event "ch-Gdansk"]
[Site "Gdansk POL"]
[Date "2007.07.26"]
[Round "6"]
[White "Pioch,Z"]
[Black "Dombrowski,B"]
[Result "1/2-1/2"]
[WhiteElo "2209"]
[BlackElo "1942"]

1.e4 c5 2.Nf3 d6 3.d4 cxd4 4.Nxd4 Nf6 5.Nc3 a6 6.f3 e5 7.Nb3 Be6 8.Be3 Be7
9.Qd2 O-O 10.O-O-O b5 11.g4 b4 12.Nd5 Bxd5 13.exd5 a5 14.Kb1 Qc7 15.g5 Nfd7
16.h4 Nb6 17.f4 a4 18.Nc1 exf4 19.Bxf4 Rc8 20.Rh2 Ra5 21.Qxb4 Nxd5 22.Qe4 Nxf4
23.Qxf4 Nc6 24.Rf2 Bf8 25.Nd3  1/2-1/2

[Event "29th Politiken Cup"]
[Site "Copenhagen DEN"]
[Date "2007.07.28"]
[Round "9"]
[White "Thorfinnsdottir,E"]
[Black "Wilsbeck,J"]
[Result "0-1"]
[WhiteElo "1693"]
[BlackElo "1925"]

1.e4 c5 2.Nf3 d6 3.d4 cxd4 4.Nxd4 Nf6 5.Nc3 a6 6.f3 b5 7.Be3 e6 8.Qd2 Qc7
9.O-O-O Bd7 10.g4 b4 11.Nce2 e5 12.Nf5 Bxf5 13.gxf5 Nc6 14.Ng3 Be7 15.Bg5 Nd4
16.Bxf6 Bxf6 17.Kb1 Bg5 18.Qf2 O-O 19.h4 Be3 20.Qg2 f6 21.Nh5 Bh6 22.Rg1 Kh8
23.Bd3 a5 24.Ng3 a4 25.Ne2 a3 26.Nxd4 exd4 27.c4 bxc3 28.b3 Be3 29.Rge1 Bd2
30.Rxd2 cxd2 31.Qxd2 Qa5 32.Qxa5 Rxa5 33.Bc4 g6 34.Be6 Rb8 35.Rd1 Rb4 36.Rg1 d3
37.fxg6 hxg6 38.Rxg6 Rc5 39.Rg2 Rd4 40.Rd2 Rh5 41.Bc4 Rxh4 42.Bxd3 Rh3 43.Kc2 Rxf3
44.Rh2+ Kg7 45.Rg2+ Kf8 46.Bc4 Rh3 47.Bd5 Rdd3 48.b4 Rd4 49.b5 Rb4 50.Rg8+ Ke7
51.Rg7+ Kd8 52.Rg8+ Kc7 53.Rg7+ Kb6 54.Rb7+ Kc5 55.Bb3 Rxb5 56.Ra7 Kd4 57.Rxa3 Kxe4
58.Ra6 Ke5 59.Ra7 Rc5+ 60.Kd2 f5 61.Re7+ Kd4 62.Rf7 Rh2+ 63.Kd1 Ke3 64.Re7+ Re5
65.Rd7 d5 66.a4 d4 67.Bc4 f4 68.Bd5 f3 69.Bxf3 Kxf3 70.Rxd4 Rg5  0-1

[Event "Open NK"]
[Site "Dieren NED"]
[Date "2007.07.28"]
[Round "5"]
[White "Rietveld,R"]
[Black "Van Roosmalen,S"]
[Result "1-0"]
[WhiteElo "2137"]
[BlackElo "2240"]

1.e4 c5 2.Nf3 d6 3.d4 cxd4 4.Nxd4 Nf6 5.Nc3 a6 6.Be3 Ng4 7.Bc1 Nf6 8.f3 e6
9.Be3 Be7 10.Qd2 O-O 11.O-O-O Nc6 12.g4 Nxd4 13.Bxd4 b5 14.g5 Nd7 15.h4 b4
16.Ne2 a5 17.Be3 Ne5 18.Nd4 Bb7 19.Rg1 Rc8 20.h5 Nc6 21.g6 Nxd4 22.Qxd4 e5
23.Qd2 Rc6 24.Bh3 Bc8 25.h6 hxg6 26.Bxc8 Qxc8 27.hxg7 Kxg7 28.Bh6+ Kh7 29.Bxf8 Bxf8
30.Kb1 Rc4 31.Qd5 Kg7 32.Rh1 Qc7 33.Rd2 a4 34.Rdh2 a3 35.Qa8 Qc8 36.Qd5 Qc7
37.Qa8 Qc8 38.Rh7+ Kf6 39.Qd5 Qc7 40.b3 Rd4 41.Qa8 Rd2 42.c4 bxc3 43.Qxf8 Rb2+
44.Ka1 c2 45.Qg7+ Ke6 46.Qxg6+  1-0

[Event "Czech Open GMA"]
[Site "Pardubice CZE"]
[Date "2007.07.28"]
[Round "9"]
[White "Bucinskas,V"]
[Black "Tate,A"]
[Result "1-0"]
[WhiteElo "2311"]
[BlackElo "2053"]

1.e4 c5 2.Nf3 d6 3.d4 Nf6 4.Nc3 cxd4 5.Nxd4 a6 6.f3 Qb6 7.Nb3 e6 8.Bd3 Qc7
9.Be3 b5 10.Qd2 Nc6 11.O-O-O b4 12.Na4 Nd7 13.Qf2 Rb8 14.f4 Be7 15.Kb1 Bb7
16.Nb6 Nxb6 17.Bxb6 Qc8 18.Rhe1 e5 19.f5 a5 20.h4 a4 21.Nc1 O-O 22.g4 a3
23.b3 Nd4 24.Bxd4 exd4 25.Ne2 Bf6 26.g5 Be5 27.Rg1 Qc5 28.Rdf1 Rbc8 29.Qe1 Kh8
30.Qd2 Qb6 31.h5 Bc6 32.Rg4 Qb7 33.Nc1 Bb5 34.Qxb4 Bxd3 35.Nxd3 Qa6 36.Rc1 Rb8
37.Qd2 Rfc8 38.Rh1 Kg8 39.f6 Rc7 40.fxg7 Rbc8 41.Rc1 Bxg7 42.g6 fxg6 43.hxg6 h6
44.Rf4 Qb5 45.Rf5 Qe8 46.Qg2 Kh8 47.Ra5 Qe7 48.Qg4 d5 49.Rxd5 Rc3 50.Rd7 Qf6
51.Qf5 R3c7 52.Rxc7 Rxc7 53.Rf1 Qh4 54.Qe6 Qe7 55.Qd5 Qh4 56.Qa8+  1-0